[Исакову] Петру Николаевичу

Доступно только в Электронных читальных залах Найти на картеНа карте
RUSMARC
00003827nac2a22002771x 450
001340dcff3-3bd6-43f6-b99c-b8b1202154d2
00520131127100505.0
100##$a20130529l1890 k y0rusy50 ca
1010#$arus
102##$aRU
105##$ay z |||||
1220#$ad18901129
2001#$a[Исакову] Петру Николаевичу
$j29 ноября 1890
215##$a2 листа
251##$cДело
300##$aЗаголовок дела на конверте: Письмо Кони Анатолия Федоровича [Исакову] Петру Николаевичу
300##$aРукописный текст
330##$aПереписка А. Ф. Кони; Письма А. Ф. Кони
461#0$10013a54f2e3-e9cf-409b-80fa-f0a9bd3c40cb
$12001
$aКони Анатолий Федорович, юрист, литератор, член академии наук, председатель Санкт-Петербургского окружного суда, член государственного совета
$1251
$cФонд
$1852
$j564
462#0$100178a475cd-a47d-4377-bff3-cee4b81de655
$12001
$aОпись дел фонда А. Ф. Кони за 1880-1931 гг.
$1251
$cОпись
$1852
$j1
517##$aПисьмо Кони Анатолия Федоровича [Исакову] Петру Николаевичу
600#1$aКони
$bА. Ф.
$f1844-1927
$gАнатолий Федорович
600#1$aИсаков
$bП. Н.
$gПетр Николаевич
801#0$aRU
$bGA_RF
801#1$aRU
$bНПО Опыт
$c20130529
$2rusmarc
801#2$aRU
$bПБ им. Б.Н. Ельцина
$c20131127
$gRCR
$2rusmarc
852##$aГА РФ
$j819
937##$d42090370
$hПБ
035##$aRuPRLIB51001459
Формат отображения